01230nam a2200301Ia 4500001001200000003000800012006001900020007001500039008004100054020002600095020001800121040002100139035002100160050002600181100001800207245013500225260006000360300001800420440003500438504004100473533015200514650004200666650001500708655002900723710003300752710001700785856012600802ebr10635358CaPaEBRm u cr cn|||||||||121231s2012 dcua sb 000 0 eng d z9781475596076 (ebook) z9781475597158 aCaPaEBRcCaPaEBR a(OCoLC)81554826014aHD9560.5b.C37 2012eb1 aCashin, Paul.14aThe differential effects of oil demand and supply shocks on the global economyh[electronic resource] /cPaul Cashin ... [et al.]. aWashington, D.C. :bInternational Monetary Fund,c2012. a39 p. :bill. 0aIMF working paper ;vWP/12/253 aIncludes bibliographical references. aElectronic reproduction.bPalo Alto, Calif. :cebrary,d2013.nAvailable via World Wide Web.nAccess may be limited to ebrary affiliated libraries. 0aPetroleum reservesxEconomic aspects. 0aEconomics. 7aElectronic books.2local2 aInternational Monetary Fund.2 aebrary, Inc.40uhttp://site.ebrary.com/lib/rucke/Doc?id=10635358zAn electronic book accessible through the World Wide Web; click to view